000 00407cam a2200169ua 4500
041 _aeng
_h
082 _a370.15
_bBAR/ED
100 _aBarnes, .
245 _aEducational psychology /
_cBarnes.
_hTextual Documents
250 _a5 /
_b.
260 _aNewyork :
_bScience book sellers ,
_c1963.
300 _a224 ; .
504 _a
700 1 _aNoble, .
942 _cBK
999 _c10964
_d10964